Industrial training report at Ismail Midon and Co.

The firm has provided accounting service, auditing service and taxation service, company that register under companies commission of Malaysia

Main Author: Zurinah Ithenin@Ihenin
Published: Terengganu: Kolej Universiti Sains dan Teknologi Malaysia, 2005.
LEADER 00731cam a2200169 7i4500
001 0000137709
005 20080818090000.0
002 0000002779
090 0 0 |a LI 30 FPE 3 2005  
100 0 # |a Zurinah Ithenin@Ihenin  
245 1 0 |a Industrial training report at Ismail Midon and Co.   |c Zurinah Ithenin@Ihenin. 
260 # # |a Terengganu:   |b Kolej Universiti Sains dan Teknologi Malaysia,   |c 2005. 
300 |a viii, 57 p.;   |c 30 cm.. 
502 # # |a Industrial Training FPE (Bachelor of Accountancy) 2005 
520 |a The firm has provided accounting service, auditing service and taxation service, company that register under companies commission of Malaysia 
602 # # |a Latihan Industri FPE 2005 
999 |a 1100039053  |b Book  |c Latihan Industri  |e KOLEKSI KHAS